Biodiversity of West African forests : an ecological atlas of woody plant species

Bibliographic Details
Other Authors: Poorter, L. [ (Lourens)]
Format: Book
Published: Wallingford, Oxon, UK Cambridge, MA, USA : CABI Pub. , c2004.
Subjects:

MARC

LEADER 00000cam a2200000 7i4500
001 0000003280
005 20050819.0
020 0 0 |a 0851997341 (alk. paper) 
090 0 0 |a 333.9530966   |b BIO 
245 1 0 |a Biodiversity of West African forests :   |b an ecological atlas of woody plant species   |c edited by L. Poorter ... [et al.]. 
260 0 0 |a Wallingford, Oxon, UK   |a Cambridge, MA, USA :   |b CABI Pub. ,   |c c2004. 
300 |a 521 p. :   |b ill. (some col.), col. maps ;   |c 31 cm. 
650 0 0 |a Forest biological diversity   |z Africa, West. 
650 0 0 |a Forest conservation   |z Africa, West. 
650 0 0 |a Forest plants   |z Africa, West. 
650 0 0 |a Plant diversity conservation   |z Africa, West. 
650 0 0 |a Plant diversity   |z Africa, West. 
700 1 1 |a Poorter, L. [  |q (Lourens)] 
999 |a 0000006233   |b Monograph   |c Open Shelf   |e Default branch